| 000 | 01040nas a2200277 i 4500 | ||
|---|---|---|---|
| 001 | 2104 | ||
| 003 | ES-MaACL | ||
| 005 | 20251003164413.0 | ||
| 007 | t| | ||
| 008 | 950801d18341939fr | | 1 ||re d | ||
| 245 | 0 | 0 |
_aRevue de législation et jurisprudence / _cpubliée sous la direction de L. Wolowski. |
| 260 |
_aParis : _b[Imp. de Cosson], _c1834-1939 ( _fF. Pichou) |
||
| 300 |
_a71 v. ; _c22 cm. |
||
| 310 | _aSemestral | ||
| 321 |
_aSemestral, _b1834-43 |
||
| 321 |
_aCuatrimestral, _bene. 1844-54 |
||
| 362 | 0 | _aT. I (oct. 1834)-1939. | |
| 500 | _aA partir de 1844 aparecen los años de publicación. | ||
| 500 | _aNo se publicó en 1855. | ||
| 650 | 1 | 7 |
_aDerecho _2embne _911602 |
| 700 | 1 |
_aWolowski, Louis, _d1810-1876 _9154526 |
|
| 785 | 0 | 0 |
_aRevue critique de législation et de jurisprudence _d1853 |
| 852 |
_aES-MaACL _jHem-360 |
||
| 866 | 0 | _o1834-36,(1837)-1838(1840)1840f.p.1-16t.XII)1841-47(1848)1849(1950)1951(1952f.ene.-abr.)1853(1854f.mar.-dic.).1856(1857)1858,1862-70,(1872)1873-80. | |
| 999 |
_c2104 _d2104 |
||